| 000 | 00440nam a2200133Ia 4500 | ||
|---|---|---|---|
| 008 | 250506s9999 xx 000 0 und d | ||
| 024 | _a15B-25-EL, 15B-110-EL, 15B-114-EL & 15B-116-EL | ||
| 082 | _a621.31042072 WAR | ||
| 100 | _aWarda Siddiqui, M. Nabeel Khan, M. Azam Khan & M. Izaan Qureshi | ||
| 245 | 0 | _aJuicer Techbot | |
| 260 |
_aKarachi: _bUIT, _c2015 |
||
| 600 | _aElectronic Engineering | ||
| 650 | _aBachelor of Engineering (BE) | ||
| 999 |
_c28583 _d28583 |
||